000 00757nam a2200241Ia 4500
005 20260430150410.0
008 008 250103s9999 xx 000 0 eng d
037 _aTheses
040 _aCRL
040 _beng
040 _ceng
041 _2eng
041 _aeng
084 _qCRL
100 _aBhattacharya Reshmee Au.; Singh Laishram Rajendrakumar Gu.
_91237379
245 0 _aStructural and Functional Consequences of AGE-Induced Covalent Modification of Protein and Preventive Strategies: A Study Based on Diabetes Mellitus
260 _c2022
300 _a150p.
650 _aMedicine
700 _aUniversity of Delhi. Faculty of Medical Sciences . Deptt. of Biomedical Research
_91237380
942 _cTH
999 _c1849687
_d1849687